| 000 | 00522nam a2200157Ia 4500 | ||
|---|---|---|---|
| 003 | SGT | ||
| 020 | _a9789350141465 | ||
| 082 |
_a621.3 _bSHA |
||
| 100 | _aSharma,Sanjay | ||
| 245 | _aQuestion bank in electronics and communication engineering | ||
| 260 |
_bS.K. Kataria & SONS _aN.Delhi _c2011 |
||
| 300 | _a849p. | ||
| 650 | _aELECTRONICS ENGINEERING | ||
| 653 | _aMATERIALS AND COMPONENTS,ELECTRONIC DEVICES AND CIRCUITS,NETWORKS ANALYSIS AND SYNTHESIS,ELECTROMAGNETIC FIELD THEORY,POWER ELECTRONICS | ||
| 942 |
_2ddc _cBK |
||
| 999 |
_c5382 _d5382 |
||